[Event "Cappelle op"]
[Site "Cappelle la Grande"]
[Date "1993.??.??"]
[Round "6"]
[White "Winants, Luc"]
[Black "Cosma, Elena Luminita"]
[Result "1-0"]
[WhiteElo "2520"]
[BlackElo "2230"]

1.c4 e6 2.Nf3 d5 3.b3 Nf6 4.g3 c6 5.Bg2 Nbd7 6.Bb2 Bd6 7.d4 O-O 8.O-O Re8
9.Nbd2 Bb8 10.Qc2 a5 11.a3 b5 12.c5 e5 13.dxe5 Nxe5 14.Nd4 Bd7 15.e4 a4 16.b4 dxe4
17.Nxe4 Nc4 18.Nxc6 Qc8 19.Nxf6+ gxf6 20.Nxb8 Rxb8 21.Bxf6 Qa6 22.c6  1-0

[Event "Cappelle op"]
[Site "Cappelle la Grande"]
[Date "1993.??.??"]
[Round "8"]
[White "Brestian, Egon"]
[Black "Lalic, Susan"]
[Result "1-0"]
[WhiteElo "2450"]
[BlackElo "2335"]

1.Nf3 e6 2.c4 d5 3.g3 c5 4.cxd5 exd5 5.Bg2 Nc6 6.O-O Nf6 7.d4 Be7 8.Be3 c4
9.Ne5 Qa5 10.b3 cxb3 11.Qxb3 O-O 12.Rc1 Nxe5 13.dxe5 Ne4 14.Nc3 Nxc3 15.Qxc3 Bb4
16.Qd3 Be6 17.a3 Be7 18.Bd2 Qd8 19.Qb5 b6 20.Bb4 a6 21.Qd3 a5 22.Bxe7 Qxe7
23.Qd4 Qb7 24.Rd1 Qa6 25.Rd2 Rac8 26.Bxd5 Rfd8 27.e4 Rc5 28.Bb7  1-0

[Event "Cappelle op"]
[Site "Cappelle la Grande"]
[Date "1993.??.??"]
[Round "9"]
[White "Daly, Colm"]
[Black "Negulescu, Adrian"]
[Result "1/2-1/2"]
[WhiteElo "2275"]
[BlackElo "2425"]

1.c4 e6 2.Nf3 d5 3.g3 Nf6 4.Bg2 Be7 5.O-O O-O 6.b3 a5 7.e3 a4 8.Ba3 Bxa3
9.Nxa3 Nbd7 10.d4 axb3 11.axb3 c6 12.Qc2 Qe7 13.Qb2 b6 14.b4 dxc4 15.Nxc4 Ba6
16.Rfc1 Nd5 17.Nce5 Bb5 18.Rxa8 Rxa8 19.Nxc6 Bxc6 20.Rxc6 Nxb4 21.Rc7 Nd5
22.Rb7 Rb8 23.Ra7 Qd8 24.Qb5 N5f6 25.Ne1 Nf8 26.Nd3 Ng6 27.Nb4 Ne7 28.Na6 Qe8
29.Qb3 Rc8 30.Nc7 Qd8 31.Qxb6 g6 32.Qb7 Qd7 33.Bf3 Nf5 34.Nd5 Qxb7 35.Nxf6+ Kg7
36.Nh5+ gxh5 37.Rxb7 h4 38.g4 h3 39.Rb1 Nh4 40.Be4 Rc3 41.Kf1 Ra3 42.Rc1 Ra2
43.g5 h6 44.gxh6+ Kxh6 45.Rc2 Ra1+ 46.Ke2 Ng2 47.Rc8 Kg7 48.Kf3 Rg1 49.Rc5 f5
50.Bb7 Kf6 51.Rc8 Nh4+ 52.Ke2 Rb1 53.Rh8 Rb2+ 54.Kd3 Ng6 55.Rh7 Nf8 56.Rc7 Rxf2
57.Rc2 Rf1 58.Ke2 Rg1 59.Kf2 Rg7 60.Bf3 Nh7 61.Rc6 Ng5 62.Kg3 Ra7 63.Bd5 Ra3
64.Kf4 Ra1 65.Rb6 Rg1 66.e4 fxe4 67.Bxe6 Nxe6+ 68.Kxe4 Rg4+ 69.Ke3 Ke7 70.Rb7+ Kd6
71.Rb6+ Kd5 72.Rb5+ Kc6 73.Rf5 Kd6 74.Kf3 Rg2 75.Rh5 Nxd4+ 76.Ke3 Nc2+ 77.Kf4 Rxh2
78.Kg3  1/2-1/2

[Event "JUG-chT"]
[Site "Cetinje"]
[Date "1993.??.??"]
[Round "?"]
[White "Ilic, Slobodan"]
[Black "Lekic, Dusan"]
[Result "0-1"]
[WhiteElo "2270"]
[BlackElo "2265"]

1.c4 e6 2.Nf3 d5 3.b3 c5 4.cxd5 exd5 5.Bb2 Nf6 6.g3 Nc6 7.Bg2 d4 8.d3 Bg4
9.Nbd2 Be7 10.Rc1 O-O 11.O-O Qd7 12.Re1 Qf5 13.a3 Rad8 14.Rc2 Rfe8 15.Qa1 a5
16.Qc1 Bf8 17.Nc4 Nd5 18.Qd2 b6 19.Nh4 Qe6 20.Bxd5 Rxd5 21.Nxb6 Rh5 22.Nc4 g5
23.Ng2 Bh3 24.e4 Bxg2 25.Kxg2 Qh3+ 26.Kg1 Qxh2+ 27.Kf1 Qh3+ 28.Ke2 Qg4+  0-1

[Event "CUB-ch"]
[Site "?"]
[Date "1993.??.??"]
[Round "4"]
[White "Diaz, Augusto"]
[Black "Borges Mateos, Juan"]
[Result "1/2-1/2"]
[WhiteElo "2285"]
[BlackElo "2400"]

1.c4 e6 2.Nf3 d5 3.g3 Nf6 4.Bg2 c5 5.cxd5 Nxd5 6.O-O Nc6 7.d4 Be7 8.Nc3 O-O
9.Nxd5 exd5 10.dxc5 Bxc5 11.Ng5 Bd4 12.Qb3 h6 13.Nf3 Bb6 14.Rd1 Qf6 15.Bd2 Re8
16.Re1 Be6 17.e3 Rad8 18.Qc2 Bf5 19.Qb3 d4 20.exd4 Nxd4 21.Nxd4 Bxd4 22.Bc3 Bxc3
23.bxc3 b6 24.Bd5 Re7 25.Rxe7 Qxe7 26.c4 Qe5 27.Rc1 Bh3 28.Qf3 Rd7 29.Qe3 Rxd5
30.cxd5 Qxd5 31.f3 Qxa2 32.Qf2 Qa3 33.Re1 Be6 34.Kg2 b5 35.g4 a5 36.Qd4 a4
37.g5 hxg5 38.Qd8+ Kh7 39.Qxg5 Qb2+ 40.Kg3 b4 41.Rxe6 fxe6 42.Qh5+  1/2-1/2

[Event "CZE Tschechien-ch"]
[Site "?"]
[Date "1993.??.??"]
[Round "8"]
[White "Adamek, Zdenek"]
[Black "Sedlacek, Tomas"]
[Result "1-0"]
[WhiteElo "2095"]
[BlackElo "2135"]

1.Nf3 e6 2.c4 d5 3.d4 c6 4.Nc3 f5 5.g3 Bd6 6.Bg2 Nf6 7.Bf4 Bxf4 8.gxf4 O-O
9.e3 Bd7 10.Ne5 Be8 11.Bf3 Ne4 12.Nxe4 dxe4 13.Be2 c5 14.Qd2 Nc6 15.Nxc6 Bxc6
16.dxc5 Qxd2+ 17.Kxd2 a5 18.Kc3 e5 19.fxe5 Rfe8 20.Rhd1 Rxe5 21.b3 Kf7 22.a3 Ke7
23.b4 Rc8 24.Rd6 b6 25.Kd4 Rxc5 26.bxc5 bxc5+ 27.Ke5  1-0

[Event "DEN-chB"]
[Site "DEN"]
[Date "1993.??.??"]
[Round "4"]
[White "Pedersen, Erik"]
[Black "Bentzen, Eric"]
[Result "1/2-1/2"]
[WhiteElo "2410"]
[BlackElo "2315"]

1.c4 e6 2.Nf3 d5 3.g3 dxc4 4.Bg2 Nd7 5.Qa4 a6 6.Qxc4 b5 7.Qc2 Bb7 8.O-O c5
9.b3 Ngf6 10.Bb2 Be7 11.d3 O-O 12.Nbd2 Qb6 13.Rac1 Rac8 14.Qb1 Rfe8 15.Rfd1 Bf8
16.Ne4 Nxe4 17.dxe4 Rcd8 18.e5 h6 19.Nd2 Bxg2 20.Kxg2 Qc7 21.Qe4 Nb6 22.Nf3  1/2-1/2

[Event "Dortmund op-A"]
[Site "Dortmund"]
[Date "1993.??.??"]
[Round "7"]
[White "Mandl, Robert"]
[Black "Lau, Ralf"]
[Result "1-0"]
[WhiteElo "2390"]
[BlackElo "2530"]

1.c4 e6 2.Nf3 d5 3.g3 dxc4 4.Qa4+ Nd7 5.Bg2 c5 6.Qxc4 a6 7.Qc2 Ne7 8.d4 cxd4
9.Nxd4 Nf6 10.Nb3 Ned5 11.Bd2 Bd7 12.O-O Rc8 13.Qd1 Be7 14.e4 Nb4 15.e5 Nfd5
16.Qg4 g6 17.Bxb4 Nxb4 18.Bxb7 Rb8 19.Be4 Qc7 20.Qf4 Rb5 21.Na3 Rb8 22.Rfc1 Qa7
23.Nc4 O-O 24.Ne3 Nxa2 25.Rxa2 Rxb3 26.Ng4 Rb4 27.Rd1 Ba4 28.Qh6 f5 29.exf6 Rxe4
30.Qg7+  1-0

[Event "Dublin zt"]
[Site "Dublin"]
[Date "1993.??.??"]
[Round "1"]
[White "Greer, Kieran"]
[Black "Wells, Peter K"]
[Result "1/2-1/2"]
[WhiteElo "2230"]
[BlackElo "2485"]

1.c4 e6 2.Nf3 d5 3.b3 a5 4.e3 a4 5.bxa4 Nf6 6.cxd5 exd5 7.Bb2 c6 8.Bd3 Bg4
9.O-O Nbd7 10.Nc3 Bd6 11.Ne2 Qc7 12.h3 Bxf3 13.gxf3 O-O 14.f4 Ne4 15.Ng3 f5
16.Bxe4 dxe4 17.Qb3+ Rf7 18.Bd4 g6 19.Rfc1 Nf8 20.Rab1 Qd7 21.Ba1 h5 22.Kh1 Ne6
23.Rg1 Kh7 24.Rg2 Nc5 25.Qd1 Qe7 26.Nxh5 Qh4 27.Ng3 Rxa4 28.Qc2 Kg8 29.Bd4 Rxd4
30.exd4 Nd3 31.Kg1 Nxf4 32.Qc4 b5 33.Qxc6 Qxh3 34.Rh2 Ne2+ 35.Kh1 Nxg3+ 36.fxg3 Qxg3
37.Qe8+ Rf8 38.Qe6+ Kg7 39.Rg2 Qh4+ 40.Kg1 Rf6 41.Qd7+ Kg8 42.Qxb5 Qh5 43.Qe8+ Bf8
44.Qe5 Rd6 45.Rf1 Kf7 46.a4 Rd7 47.Rh2 Qg4+ 48.Kh1 Bg7 49.Qb5 Rxd4 50.Qb7+ Kg8
51.Qc8+ Kf7 52.Qc7+  1/2-1/2

[Event "Dublin zt"]
[Site "Dublin"]
[Date "1993.??.??"]
[Round "2"]
[White "Rayner, Francis"]
[Black "McMahon, Daire"]
[Result "1-0"]
[WhiteElo "2270"]
[BlackElo "2310"]

1.c4 e6 2.Nf3 d5 3.d4 Nf6 4.Nc3 Bb4 5.Bg5 h6 6.Bxf6 Qxf6 7.Qa4+ Nc6 8.e3 Bd7
9.Qc2 O-O 10.a3 Bxc3+ 11.Qxc3 Rfe8 12.cxd5 exd5 13.Bb5 Qg6 14.Bxc6 Bxc6 15.O-O Re4
16.Qc2 Qh5 17.Rfc1 Rae8 18.Nd2 Rh4 19.Nf1 Re6 20.Ng3 Qg5 21.b4 g6 22.a4 a6
23.Rab1 Re7 24.b5 axb5 25.axb5 Be8 26.Ne2 Kg7 27.Nf4 Bd7 28.Qxc7 Bf5 29.Qd8 Bxb1
30.Rc8 Kf6 31.Rc7 Kg7 32.Qxe7 Ba2  1-0

[Event "Dublin zt"]
[Site "Dublin"]
[Date "1993.??.??"]
[Round "4"]
[White "Webster, Andrew"]
[Black "Rossiter, Philip J"]
[Result "1-0"]
[WhiteElo "2330"]
[BlackElo "2270"]

1.c4 e6 2.Nf3 d5 3.b3 Nf6 4.g3 c5 5.Bg2 Be7 6.O-O O-O 7.Bb2 Nc6 8.e3 b6 9.Nc3 Bb7
10.cxd5 exd5 11.d4 Re8 12.Re1 Bf8 13.Rc1 Rc8 14.Re2 Qd7 15.dxc5 bxc5 16.Na4 Ne4
17.Nd2 Ba6 18.Nxe4 Bxe2 19.Nexc5 Bxc5 20.Qxe2 Bf8 21.Rd1 Qc7 22.Nc3 Ne7 23.h4 Red8
24.Nxd5 Qa5 25.Qh5 Qxa2 26.Be4 Ng6 27.Rd2 Qxb3 28.Qf5 Bb4 29.Nf6+ Kh8 30.Qh5 h6
31.Bd5 Rxd5 32.Nxd5 Kg8 33.Nxb4 Qxb4 34.Qd5 a5 35.h5 Nf8 36.Qe5 Ne6 37.Rd5 Rc2
38.Rd8+ Kh7 39.Qf5+ g6 40.Rh8+  1-0

[Event "Dublin zt"]
[Site "Dublin"]
[Date "1993.??.??"]
[Round "6"]
[White "Ludgate, Alan"]
[Black "McMahon, Daire"]
[Result "1/2-1/2"]
[WhiteElo "2250"]
[BlackElo "2310"]

1.c4 e6 2.Nf3 d5 3.b3 Nf6 4.g3 a5 5.Bg2 a4 6.Bb2 a3 7.Bc3 Ne4 8.O-O Nxc3
9.Nxc3 d4 10.Nb1 Nc6 11.e3 d3 12.Nc3 e5 13.Ne1 h5 14.Nd5 Bg4 15.f3 Bf5 16.e4 Bc5+
17.Kh1 Be6 18.h3 g5 19.Nxd3 Bd4 20.Rb1 f5 21.exf5 Bxf5 22.Nf2 Bxf2 23.Rxf2 Bxb1
24.Qxb1 Ne7 25.Re2 Nxd5 26.cxd5 Qf6 27.d4 O-O-O 28.dxe5 Qf7 29.e6 Qf6 30.Qe4 h4
31.f4 hxg3 32.d6 c6 33.d7+ Kc7 34.fxg5 Qa1+ 35.Re1 Qxa2 36.Qe5+ Kb6 37.Qxg3 Qd2
38.Qe5 a2 39.Ra1 Qd3 40.Kh2 Qxb3 41.g6 Rhg8 42.Qf6 Kc7 43.Qe5+ Kb6 44.g7 Qa3
45.Qd4+  1/2-1/2

[Event "Dublin zt"]
[Site "Dublin"]
[Date "1993.??.??"]
[Round "8"]
[White "Daly, Colm"]
[Black "McMahon, Daire"]
[Result "1-0"]
[WhiteElo "2275"]
[BlackElo "2310"]

1.c4 e6 2.Nf3 d5 3.b3 Nf6 4.g3 a5 5.Bg2 a4 6.Ba3 Bxa3 7.Nxa3 O-O 8.O-O Qe7
9.Qc1 Na6 10.Qb2 Bd7 11.d4 axb3 12.axb3 Nb4 13.Rfc1 c6 14.Ne5 Ra7 15.c5 Rfa8
16.Qc3 Na6 17.Qa5 Nb8 18.Qb4 b5 19.Nc2 Be8 20.Rxa7 Rxa7 21.Qc3 Qc7 22.Ra1 Nfd7
23.Nd3 Nf8 24.Ncb4 f6 25.e4 Bg6 26.exd5 exd5 27.Rxa7 Qxa7 28.Nxc6 Nxc6 29.Bxd5+ Kh8
30.Bxc6 Ne6 31.h4 Bxd3 32.Qxd3 Qa1+ 33.Kg2 Nxd4 34.Bxb5 Qa8+ 35.c6  1-0

[Event "FRA"]
[Site "FRA"]
[Date "1993.??.??"]
[Round "?"]
[White "Rotstein, Arkadij"]
[Black "Beikert, Guenther"]
[Result "1-0"]
[WhiteElo "2465"]
[BlackElo "2405"]

1.c4 e6 2.Nf3 d5 3.g3 Nf6 4.Bg2 Be7 5.O-O O-O 6.b3 c5 7.Bb2 Nc6 8.e3 b6 9.Qe2 Ba6
10.Rd1 Qd7 11.d3 Rad8 12.Nc3 d4 13.exd4 Nxd4 14.Nxd4 cxd4 15.Nb1 Qc7 16.Nd2 e5
17.Re1 Bd6 18.a3 Bb7 19.b4 Bxg2 20.Kxg2 Rfe8 21.Ne4 Nxe4 22.Qxe4 a5 23.bxa5 bxa5
24.Rab1 Re7 25.Bc1 Bc5 26.Rb5 a4 27.Bd2 Qc8 28.Rxc5 Qxc5 29.Bb4 Qc7 30.Bxe7 Qxe7
31.Qxe5 Qxa3 32.c5 h6 33.c6 Qc3 34.Qc7 Rf8 35.Rb1 a3 36.Rb8 Rxb8 37.Qxb8+ Kh7
38.c7 Qc6+ 39.Kh3 a2 40.c8=Q Qxc8+ 41.Qxc8 a1=Q 42.Kg2 Qc3 43.Qc4 f6 44.h4 h5
45.Kf3 Qa1 46.Qb5 Qa8+ 47.Kf4 Kh6 48.Qc5 Qa1 49.Qf5 Qh1 50.Qe4 Qc1+ 51.Kf3 Qd1+
52.Kg2 Qg4 53.Qxg4 hxg4 54.Kf1  1-0

[Event "FRA"]
[Site "FRA"]
[Date "1993.??.??"]
[Round "?"]
[White "Cerisier, Philippe"]
[Black "Fayard, Alain"]
[Result "1/2-1/2"]
[WhiteElo "2285"]
[BlackElo "2250"]

1.c4 e6 2.Nf3 d5 3.d4 Nf6 4.Nc3 Nbd7 5.e3 Be7 6.Be2 O-O 7.b3 b6 8.O-O Bb7
9.Bb2 Re8 10.Rc1 c5 11.cxd5 exd5 12.Rc2 a6 13.Qa1 Bd6 14.Rd1 Qe7 15.dxc5 bxc5
16.Rcd2 Rad8 17.g3 Qe6 18.Qb1 h6 19.Nh4 Ne5 20.Qf5 Qe7 21.Qc2 g6 22.h3 Qe6
23.Ng2 g5 24.g4 Ng6 25.Qf5 Qe7 26.Nxd5 Nxd5 27.Rxd5 Bxd5 28.Rxd5 Be5 29.Bc4 Bxb2
30.Rxd8 Rxd8 31.Qxg6+ Bg7 32.Qxa6 Rd1+ 33.Kh2 Rd2 34.Qa8+ Bf8 35.Kg3 Qf6
36.f4 Kg7 37.a4 Bd6 38.Qe4 Qc3 39.Kf3 Qb2 40.Kg3 Qc3 41.Kf3 Qb2 42.Qb7 Qf6
43.Qe4  1/2-1/2

[Event "Peer Gynt"]
[Site "Gausdal"]
[Date "1993.??.??"]
[Round "2"]
[White "Karlsson, Lars"]
[Black "Lahlum, Hans Olav"]
[Result "1-0"]
[WhiteElo "2505"]
[BlackElo "2220"]

1.c4 e6 2.Nf3 d5 3.g3 c6 4.Bg2 Nf6 5.O-O Nbd7 6.b3 b5 7.Qc2 Bb7 8.Bb2 Bd6
9.d4 bxc4 10.bxc4 Ne4 11.Ne5 f5 12.Nxd7 Qxd7 13.f3 Nf6 14.e4 dxe4 15.fxe4 fxe4
16.Nc3 O-O 17.Nxe4 Be7 18.Rae1 Rae8 19.Bh3 Bb4 20.Nc5 Bxc5 21.dxc5 Bc8 22.Be5 Rf7
23.Qc3 Qe7 24.Bd6 Qb7 25.Bg2 Qa6 26.Rf2 Bd7 27.Ref1 e5 28.Bxe5 Be6 29.Bxf6 gxf6
30.Re1 Rff8 31.Rfe2 Bf7 32.Rxe8 Rxe8 33.Rxe8+ Bxe8 34.a3 Kg7 35.h4 Bf7 36.g4 Kg8
37.Qxf6 Qxc4 38.Qg5+ Kf8 39.Bxc6 Qd4+ 40.Kh2 Qb2+ 41.Bg2 Qxa3 42.Qd8+ Kg7
43.Qd4+ Kg8 44.h5 Qa5 45.Qd6 Qe1 46.Qd8+ Kg7 47.Qg5+ Kf8 48.c6 Qb4 49.Qd8+ Kg7
50.Qg5+ Kf8 51.Bf3 Qd6+ 52.Kg2 h6 53.Qc1 Bd5 54.Qc3 Bxf3+ 55.Kxf3 Qd1+ 56.Kf2 Qxg4
57.Qf6+  1-0

[Event "Oberliga SuedW 9394"]
[Site "GER"]
[Date "1993.??.??"]
[Round "?"]
[White "Becker, Marc"]
[Black "Behling, Robert"]
[Result "1-0"]
[WhiteElo "2380"]
[BlackElo "2295"]

1.c4 e6 2.Nf3 d5 3.b3 Nf6 4.g3 Be7 5.Bg2 O-O 6.O-O c5 7.Bb2 Nc6 8.e3 Ne4
9.d3 Bf6 10.Qc2 Bxb2 11.Qxb2 Qf6 12.Qxf6 Nxf6 13.Nc3 dxc4 14.bxc4 Rb8 15.Rfd1 Rd8
16.Rab1 b6 17.d4 Ba6 18.Nb5 cxd4 19.exd4 Bxb5 20.cxb5 Ne7 21.Ne5 Nfd5 22.Rbc1 Rbc8
23.Bxd5 Rxd5 24.Rxc8+ Nxc8 25.Rc1 Nd6 26.Rc7 g6 27.a4 Rxd4 28.Rxa7 Rd1+ 29.Kg2 Ra1
30.Rd7 Ne4 31.Rxf7 Rxa4 32.Rb7 Rb4 33.Rxb6 Nc3 34.Rb8+ Kg7 35.b6 Na4 36.Nd7 Kf7
37.b7 Ke7 38.Ne5 Kd6 39.Rd8+ Kxe5 40.b8=Q+ Rxb8 41.Rxb8 Nc3 42.Rf8 Nd5 43.f3 h6
44.Kf2 h5 45.Ke2 h4 46.f4+ Ke4 47.Rg8 hxg3 48.hxg3 Kf5 49.Kf3 Kf6 50.g4 Ne7
51.g5+ Kf7 52.Rb8 Nd5 53.Rb7+ Ke8 54.Ke4 Kf8 55.Ke5 Kg8 56.Ra7 Kf8 57.Ra6 Nb4
58.Ra8+ Ke7 59.Ra7+ Kf8 60.Kxe6 Nd3 61.Kf6  1-0

[Event "BL2-O9293"]
[Site "Germany"]
[Date "1993.??.??"]
[Round "?"]
[White "Dobosz, Henryk"]
[Black "Bachmayr, Peter"]
[Result "1/2-1/2"]
[WhiteElo "2430"]
[BlackElo "2255"]

1.c4 e6 2.Nf3 d5 3.g3 c5 4.Bg2 Nf6 5.O-O Be7 6.cxd5 exd5 7.d4 O-O 8.b3 Nc6
9.Bb2 Ne4 10.Nc3 Bf6 11.Na4 Re8 12.Rc1 b6 13.Re1 Ba6 14.dxc5 Bxb2 15.Nxb2 bxc5
16.Na4 c4 17.Nd2 Qf6 18.Nxe4 dxe4 19.bxc4 Rad8 20.Qb3 Nd4 21.Qb4 e3 22.fxe3 Rxe3
23.Nc3 Qe5 24.Kh1 h5 25.Nd5  1/2-1/2

[Event "BL2-S9293"]
[Site "Germany"]
[Date "1993.??.??"]
[Round "?"]
[White "Wilde, Pierre"]
[Black "Treffert, Peter"]
[Result "0-1"]
[WhiteElo "2280"]
[BlackElo "2275"]

1.c4 e6 2.Nf3 d5 3.d4 c5 4.cxd5 exd5 5.g3 Nc6 6.Bg2 Nf6 7.O-O Be7 8.dxc5 Bxc5
9.Bg5 d4 10.Nbd2 O-O 11.Nb3 Bb6 12.Qd3 h6 13.Bd2 Re8 14.Rfd1 Bg4 15.Be1 Qe7
16.Nfxd4 Bxe2 17.Nxe2 Rad8 18.Ned4 Nxd4 19.Nxd4 Rxd4 20.Qb3 Rxd1 21.Rxd1 Ng4
22.h3 Qxe1+ 23.Rxe1 Bxf2+ 24.Kh1 Rxe1+ 25.Bf1  0-1

[Event "Goch op"]
[Site "Goch"]
[Date "1993.??.??"]
[Round "4"]
[White "Vehreschild, Axel"]
[Black "Hoffmann, Michael"]
[Result "1-0"]
[WhiteElo "2120"]
[BlackElo "1845"]

1.c4 e6 2.Nf3 d5 3.g3 b6 4.Bg2 Bb7 5.O-O Nf6 6.b3 g6 7.Nc3 Bg7 8.Ba3 Nbd7
9.d4 Bf8 10.Bb2 c6 11.e4 dxc4 12.bxc4 Ba6 13.e5 Bxc4 14.exf6 Bxf1 15.Qxf1 Qc7
16.Ne5 Nxe5 17.dxe5 O-O-O 18.Qc4 c5 19.Qa6+  1-0

[Event "Wichern op"]
[Site "Hamburg"]
[Date "1993.??.??"]
[Round "9"]
[White "Andresen, Steffen"]
[Black "Sher, Miron N"]
[Result "0-1"]
[WhiteElo "2370"]
[BlackElo "2535"]

1.c4 e6 2.Nf3 d5 3.d4 Nf6 4.cxd5 exd5 5.Nc3 c6 6.Bg5 Bf5 7.Qb3 Qb6 8.Bxf6 Qxb3
9.axb3 gxf6 10.e3 Nd7 11.Kd2 Nb6 12.Nh4 Be6 13.Bd3 Nc8 14.Na4 Bb4+ 15.Ke2 Ke7
16.Nf5+ Bxf5 17.Bxf5 Nd6 18.Bd3 f5 19.Nc5 h5 20.h4 Rhg8 21.g3 Bxc5 22.dxc5 Ne4
23.Rhc1 Ke6 24.b4 a6 25.Ra4 Nf6 26.Ke1 Rad8 27.Rd1 Ne8 28.Be2 Ng7 29.Kd2 Rh8
30.Kc3 Ke5 31.Raa1 Ne6 32.Rd2 Nf8 33.Rd4 Ne6 34.Rd2 Ng7 35.Rd4 Ne8 36.Rf4 Rh6
37.Bd3 Ng7 38.Bc2 Rg6 39.Rd1 Rg4 40.Rdd4 Rg6 41.Rd1 Rg4 42.Rg1 Rxf4 43.gxf4+ Kf6
44.Rg5 Re8 45.Bd3 Rd8 46.f3 Re8 47.Kd2 Ra8 48.e4 dxe4 49.fxe4 fxe4 50.Bxe4 Rd8+
51.Ke3 Rd1 52.Rg2 Rh1 53.Rd2 Rh3+ 54.Kf2 Rb3 55.Rd6+ Ke7 56.Rh6 Rxb4 57.Ke3 Ne8
58.Bf3 Rb3+ 59.Kf2 Rxb2+ 60.Ke3 Rb3+ 61.Ke2 Nf6 62.Bxh5 Nd5 63.f5 Nf4+ 64.Kd2 Nxh5
65.Rxh5 Kf6 66.Rh6+ Kxf5 67.Rd6 f6 68.Rd7 Ke6 69.Rd6+ Ke5 70.Rd7 Rh3 71.Rxb7 Rxh4
72.Rb6 Kd5 73.Rxa6 Rc4 74.Ra8 Kxc5 75.Rf8 Rd4+ 76.Ke3 Rd6 77.Ra8 Kb6 78.Rb8+ Kc7
79.Rb1 c5 80.Ke4 Kc6 81.Rb8 c4  0-1

[Event "Hania op"]
[Site "Hania"]
[Date "1993.??.??"]
[Round "7"]
[White "Lirindzakis, Timotheos"]
[Black "Velikov, Petar"]
[Result "1/2-1/2"]
[WhiteElo "2400"]
[BlackElo "2460"]

1.c4 e6 2.Nf3 d5 3.d4 c6 4.Nc3 Bb4 5.e3 Nf6 6.Bd3 Nbd7 7.O-O O-O 8.Bd2 Qe7
9.a3 Bd6 10.c5 Bc7 11.e4 dxe4 12.Nxe4 Nxe4 13.Bxe4 e5 14.Qc2 exd4 15.Bxh7+ Kh8
16.b4 Ne5 17.Nxe5 Bxe5 18.Bd3 Be6 19.Rae1 Qc7 20.f4 Bf6 21.Qd1 g6 22.Bxg6 fxg6
23.Rxe6 Rae8 24.Rfe1 Qf7 25.Qg4 Rxe6 26.Rxe6 Re8 27.f5 gxf5 28.Rxe8+ Qxe8
29.Qxf5 Qd8 30.Qh5+ Kg8 31.Qg6+ Kh8 32.Qd3 Kg7 33.Bf4 Qd5 34.h3 a5 35.Kh2 a4
36.Qg3+ Kf7 37.Qd3 Kg7 38.Qg3+ Kf7 39.Qd3 Kg7 40.Bd6 Qb3 41.Qf5 d3 42.Qg4+ Kh7
43.Qf5+ Kg7 44.Qg4+  1/2-1/2

[Event "Hastings op9394"]
[Site "Hastings"]
[Date "1993.??.??"]
[Round "?"]
[White "Webster, Andrew"]
[Black "Flear, Glenn C"]
[Result "1/2-1/2"]
[WhiteElo "2330"]
[BlackElo "2510"]

1.c4 e6 2.Nf3 d5 3.b3 Nf6 4.Bb2 Be7 5.g3 O-O 6.Bg2 c5 7.O-O Nc6 8.e3 d4 9.exd4 cxd4
10.Re1 Re8 11.d3 Bc5 12.Ne5 Nxe5 13.Rxe5 Qc7 14.Qe1 Bd7 15.Na3 Rad8 16.Nc2 Ng4
17.Rxc5 Qxc5 18.Bxd4 Qc7 19.h3 Nh6 20.Be5 Qc8 21.Qa5 Bc6 22.Bxg7 Kxg7 23.Qg5+ Kh8
24.Qf6+ Kg8 25.Qg5+ Kh8 26.Qf6+ Kg8 27.Qg5+  1/2-1/2

[Event "Havana op"]
[Site "Havana"]
[Date "1993.??.??"]
[Round "?"]
[White "Diaz, Augusto"]
[Black "Arencibia, Walter"]
[Result "0-1"]
[WhiteElo "2285"]
[BlackElo "2490"]

1.c4 e6 2.Nf3 d5 3.g3 g6 4.Bg2 Bg7 5.O-O Ne7 6.d3 O-O 7.Nbd2 Nbc6 8.Rb1 a5
9.b3 Nb4 10.a3 Na2 11.Bb2 Nc3 12.Bxc3 Bxc3 13.Qc2 Bg7 14.b4 axb4 15.axb4 c6
16.e3 Nf5 17.d4 Bd7 18.c5 Qc7 19.Ra1 e5 20.dxe5 Bxe5 21.Nxe5 Qxe5 22.Nb3 h5
23.Rfd1 Rxa1 24.Rxa1 h4 25.Qd2 h3 26.Bh1 Re8 27.e4 Ng7 28.f4 Qh5 29.Re1 Be6
30.Na5 dxe4 31.Rxe4 Re7 32.Qd8+ Kh7 33.Re1 Nf5 34.Qd3 Rd7 35.Qf3 Qxf3 36.Bxf3 Nd4
37.Bd1 Nb5 38.Bf3 Rd2 39.Re2 Nd4  0-1

[Event "EUCup f"]
[Site "Hilversum"]
[Date "1993.??.??"]
[Round "3"]
[White "Brestian, Egon"]
[Black "Hartman, Christer"]
[Result "1-0"]
[WhiteElo "2460"]
[BlackElo "2365"]

1.c4 e6 2.Nf3 d5 3.g3 Nf6 4.Bg2 dxc4 5.Qa4+ Bd7 6.Qxc4 Bc6 7.O-O Nbd7 8.d3 Bd5
9.Qc2 b6 10.Nc3 Bb7 11.d4 Be7 12.Rd1 Rc8 13.e4 c6 14.a3 O-O 15.Bf4 Nh5 16.Be3 Nhf6
17.h3 Re8 18.Rd2 Bf8 19.Rad1 g6 20.Qb1 a5 21.Ne5 Qc7 22.Bf4 Nxe5 23.Bxe5 Qe7
24.Bf4 Red8 25.Na4 Nd7 26.e5 Ba6 27.Nc3 h6 28.h4 Bc4 29.Ne4 Bd5 30.Qd3 Bxe4
31.Qxe4 b5 32.Bf1 Bg7 33.Rc1 Nb8 34.Rdc2 Qd7 35.Be3 Bf8 36.h5 Qd5 37.Qxd5 Rxd5
38.hxg6 fxg6 39.Bg2 Rd7 40.Bxc6 Nxc6 41.Rxc6 Rxc6 42.Rxc6 Kf7 43.Ra6 a4 44.Rb6 Rd5
45.Kg2 h5 46.Kf3 Be7 47.Ke4 g5 48.f4 gxf4 49.gxf4 Rd8 50.f5 exf5+ 51.Kxf5 Rg8
52.e6+  1-0

[Event "HUN-chT2"]
[Site "HUN"]
[Date "1993.??.??"]
[Round "?"]
[White "Ruck, Robert"]
[Black "Nemeth, Gabor"]
[Result "1-0"]
[WhiteElo "2360"]
[BlackElo "2275"]

1.c4 e6 2.Nf3 d5 3.b3 Be7 4.Bb2 Bf6 5.Bxf6 Qxf6 6.Nc3 c6 7.d4 Qe7 8.e4 Nd7
9.Rc1 dxe4 10.Nxe4 Ngf6 11.Nxf6+ Qxf6 12.Bd3 O-O 13.Qe2 Rd8 14.O-O Nf8 15.Rcd1 Ng6
16.g3 a5 17.Qe4 Qe7 18.h4 a4 19.Ng5 axb3 20.axb3 f5 21.Qe3 e5 22.dxe5 Qxe5
23.Qb6 Qf6 24.c5 Ne7 25.Qxd8+  1-0

[Event "HUN-chT2"]
[Site "HUN"]
[Date "1993.??.??"]
[Round "?"]
[White "Horvath, Istvan"]
[Black "Rithnovszky, Antal"]
[Result "1/2-1/2"]
[WhiteElo "2245"]
[BlackElo "2270"]

1.c4 e6 2.Nf3 d5 3.g3 c6 4.Bg2 f5 5.O-O Nf6 6.d4 Be7 7.b3 O-O 8.Ba3 Bd7 9.Qc1 Be8
10.Bxe7 Qxe7 11.Qa3 Qxa3 12.Nxa3 Bh5 13.Rfe1 Nbd7 14.Rac1 Rae8 15.Ne5 g5
16.Nd3 Bg6 17.f4 gxf4 18.Nxf4 Nh5 19.Bf3 Nxf4 20.gxf4 Nf6 21.Nc2 Bh5 22.Kf2 Bxf3
23.exf3 Kf7 24.Nb4 Rg8 25.Nd3 Nd7 26.cxd5 exd5 27.Rxe8 Rxe8 28.Rg1 Nf8 29.Rg5 Kf6  1/2-1/2

[Event "HUN-chT"]
[Site "HUN"]
[Date "1993.??.??"]
[Round "?"]
[White "Lengyel, Levente"]
[Black "Izsak, Gyula"]
[Result "1/2-1/2"]
[WhiteElo "2385"]
[BlackElo "2395"]

1.c4 e6 2.Nf3 d5 3.g3 Nf6 4.Bg2 c5 5.cxd5 Nxd5 6.O-O Nc6 7.d4 Be7 8.dxc5 Bxc5
9.a3 O-O 10.Qc2 Bb6 11.Rd1 Qe7 12.Nbd2 Nf6 13.Nc4 Bc7 14.b4 a6 15.e4 e5 16.Ne3 Bg4
17.Nxg4 Nxg4 18.h3 Nf6 19.Be3 Rfd8  1/2-1/2

[Event "HUN-chT"]
[Site "HUN"]
[Date "1993.??.??"]
[Round "?"]
[White "Szekely, Peter"]
[Black "Portisch, Lajos"]
[Result "0-1"]
[WhiteElo "2440"]
[BlackElo "2580"]

1.Nf3 e6 2.c4 d5 3.g3 dxc4 4.Qa4+ Nd7 5.Bg2 a6 6.Qxc4 b5 7.Qc2 Bb7 8.O-O c5
9.d3 Rc8 10.a4 Ne7 11.axb5 axb5 12.Bg5 Qb6 13.Bxe7 Bxe7 14.Nc3 O-O 15.Qb3 Rb8
16.Nd2 Bxg2 17.Kxg2 Ne5 18.Kg1 Rfd8 19.Qc2 h5 20.h4 Qb7 21.Rfd1 Qb6 22.Rf1 Rbc8
23.Rad1 Qb7 24.Qb3 Rb8 25.Nce4 Rd4 26.Qc2 Rc8 27.Nb3 Rd5 28.Ra1 c4 29.Rfc1 Rdd8
30.dxc4 Rxc4 31.Nc3 Rg4 32.Kh2 Bxh4 33.Nc5 Qb8 34.N3e4 Be7 35.f3 Rg6 36.Na6 Qb6
37.Qc7 Qxc7 38.Rxc7 Bf8 39.Rac1 f5 40.Nf2 h4 41.gxh4 Bd6  0-1

[Event "IRL-ch"]
[Site "?"]
[Date "1993.??.??"]
[Round "6"]
[White "Daly, Colm"]
[Black "Ryan, Joseph"]
[Result "0-1"]
[WhiteElo "2275"]
[BlackElo "2270"]

1.c4 e6 2.Nf3 d5 3.b3 Nf6 4.g3 Be7 5.Bg2 O-O 6.O-O a5 7.e3 a4 8.Ba3 Bxa3
9.Nxa3 Qe7 10.Qc1 e5 11.Qb2 e4 12.Nd4 c5 13.Ndb5 Rd8 14.cxd5 Nxd5 15.Rfc1 Nb4
16.Rc4 f5 17.d4 exd3 18.Rd1 Be6 19.Rcc1 axb3 20.axb3 N8c6 21.Qc3 Na2 22.Qb2 Nxc1
23.Rxc1 Na5 24.Qe5 d2 25.Rd1 Qf6 26.Qxc5 Bxb3 27.Bf3 Bxd1 28.Bxd1 Qa1 29.Nc3 Rac8
30.Qxa5 Qxc3 31.Qa4 Ra8 32.Nb5 Rxa4 33.Nxc3 Ra3  0-1

[Event "Isle of Man op"]
[Site "Isle of Man"]
[Date "1993.??.??"]
[Round "?"]
[White "Koshy, Varugeese"]
[Black "Rossiter, Philip J"]
[Result "0-1"]
[WhiteElo "2420"]
[BlackElo "2270"]

1.c4 e6 2.Nf3 d5 3.g3 Nf6 4.Bg2 Be7 5.O-O O-O 6.b3 c5 7.Bb2 Nc6 8.e3 b6 9.Qe2 Bb7
10.Rd1 Qd7 11.d4 Rfd8 12.Nc3 Qe8 13.cxd5 exd5 14.Ne5 Rac8 15.Rac1 Nb4 16.a3 Nc6
17.Bh3 Ra8 18.Nb5 Ba6 19.a4 Na5 20.Qd3 Bf8 21.f3 Nc6 22.Qb1 Bxb5 23.axb5 Nb4
24.Bf1 Nd7 25.Re1 Rac8 26.Nd3 a5 27.bxa6 Nxa6 28.Nf4 Nb4 29.Bc3 Nf6 30.Nd3 Nc6
31.Ne5 Qe6 32.Bb5 Ne7 33.Kg2 h5 34.Bd3 g6 35.b4 c4 36.Bc2 Bg7 37.h3 Ra8 38.b5 Ne8
39.e4 Bxe5 40.dxe5  0-1

[Event "ITA-chT"]
[Site "ITA"]
[Date "1993.??.??"]
[Round "5"]
[White "Tirabassi, Maurizio"]
[Black "Horvath, Zoltan"]
[Result "1-0"]
[WhiteElo "2340"]
[BlackElo "2345"]

1.c4 e6 2.Nf3 d5 3.g3 Nf6 4.Bg2 Be7 5.O-O O-O 6.d4 dxc4 7.Ne5 Nc6 8.Nxc6 bxc6
9.e3 Nd5 10.Qa4 Nb6 11.Qxc6 Bd7 12.Qf3 c5 13.dxc5 Bxc5 14.Nc3 Qc7 15.e4 Bc6
16.Be3 Nd7 17.Rfd1 Rab8 18.Bxc5 Nxc5 19.Qe2 Na4 20.Nxa4 Bxa4 21.Rdc1 Rfc8
22.Rc3 Qb6 23.Rb1 Qb4 24.Qe3 e5 25.Bf1 a5 26.a3 Qb5 27.b3 Bxb3 28.Bxc4 Bxc4
29.Rxb5 Bxb5 30.Qb6 Bd7 31.Rxc8+ Rxc8 32.Qxa5 Bh3 33.f3 Re8 34.Qb5 Kf8 35.g4 g6
36.Kf2 h5 37.Kg3 hxg4 38.fxg4 Rd8 39.Qb4+  1-0